[Event "Tourn. n9386"]
[Site "www.chess-mail.com"]
[Date "2017.06.16"]
[Round "1"]
[White "Winston"]
[Black "Roque1"]
[WhiteElo "1940"]
[BlackElo "1940"]
[Result "0-1"]
[Round "1"]
1.e4 c5
2.Ng1f3 e6
3.d4 cxd4
4.Nf3xd4 Nb8c6
5.Nb1c3 Bf8b4
6.Nd4xc6 bxc6
7.Bc1d2 Ng8f6
8.Bf1d3 O-O
9.O-O Bb4xc3
10.Bd2xc3 d5
11.exd5 cxd5
12.Qd1f3 Bc8d7
{ resign }
0-1

[Event "Tourn. n9349"]
[Site "www.chess-mail.com"]
[Date "2017.06.16"]
[Round "1"]
[White "Marbachess"]
[Black "Asoka"]
[WhiteElo "2630"]
[BlackElo "2740"]
[Result "0-1"]
[Round "1"]
1.f4 d5
2.b3 Bc8g4
3.h3 Bg4h5
4.g4 e6
5.Ng1f3 Bh5g6
6.e3 Nb8c6
7.Bc1b2 h5
8.g5 Ng8e7
9.Nb1c3 h4
10.Nc3b5 a6
11.Nb5d4 Nc6xd4
12.Nf3xd4 c5
13.Nd4f3 Ne7f5
14.Bf1g2 Bf8d6
15.O-O Qd8e7
16.Rf1f2 f6
17.gxf6 gxf6
18.c4 d4
19.Nf3h2 Bg6h5
20.Nh2g4 O-O-O
21.exd4 Bh5xg4
22.hxg4 h3
23.Bg2e4 Qe7g7
24.Kh2 Nf5h6
25.Be4f3 Bd6xf4
26.Kh1 cxd4
27.Rf2f1 Kb8
28.Qd1e2 e5
29.Rf1g1 Nh6f7
30.Ra1d1 d3
31.Qe2f2 Nf7g5
32.Bb2c3 Qg7c7
33.Rd1e1 Rh8e8
34.Rg1f1 Re8g8
35.Rf1g1 Qc7c8
36.a3 Ng5xf3
37.Qf2xf3 Rg8g5
38.Bc3a5 Rd8g8
39.Ba5c3 Ka8
40.c5 Qc8xc5
41.Bc3b4 Qc5b6
{ resign }
0-1

[Event "Tourn. n9417"]
[Site "www.chess-mail.com"]
[Date "2017.06.16"]
[Round "1"]
[White "Claymil"]
[Black "Nulladies"]
[WhiteElo "2050"]
[BlackElo "1910"]
[Result "1-0"]
[Round "1"]
1.c4 c5
2.Nb1c3 Nb8c6
3.g3 g6
4.Bf1g2 Bf8g7
5.e3 e6
6.Ng1e2 Ng8e7
7.a3 d5
8.cxd5 exd5
9.b3 O-O
10.Bc1b2 Bc8e6
11.O-O Qd8b6
12.Nc3a4 Qb6a5
13.Bb2xg7 Kxg7
14.Ne2f4 Ra8d8
15.Ra1c1 b6
16.d4 Rd8c8
17.dxc5 bxc5
18.Rc1xc5 Qa5b4
19.axb4 Nc6xb4
20.Rc5xc8 Rf8xc8
21.Qd1d4 { resign }
1-0

[Event "Tourn. n9401"]
[Site "www.chess-mail.com"]
[Date "2017.06.16"]
[Round "1"]
[White "Nimzo"]
[Black "Prize64"]
[WhiteElo "2880"]
[BlackElo "2230"]
[Result "1-0"]
[Round "1"]
1.d4 Ng8f6
2.c4 g6
3.g3 Bf8g7
4.Bf1g2 O-O
5.Nb1c3 d6
6.Ng1f3 Nb8c6
7.O-O a6
{ time. }
1-0

[Event "Tourn. n9404"]
[Site "www.chess-mail.com"]
[Date "2017.06.16"]
[Round "1"]
[White "Astroboy"]
[Black "Malbertan"]
[WhiteElo "2079"]
[BlackElo "2070"]
[Result "1-0"]
[Round "1"]
1.e4 e5
2.Ng1f3 Nb8c6
3.Bf1c4 Ng8f6
4.d3 Bf8c5
5.O-O d6
6.h3 O-O
7.c3 Bc8e6
8.Bc4b3 a5
9.a4 d5
10.Nf3g5 Be6c8
11.exd5 Nf6xd5
12.Qd1f3 Nd5f6
13.Nb1d2 h6
14.Ng5e4 Nf6xe4
15.Nd2xe4 Bc5b6
16.Qf3h5 Qd8xd3
17.Rf1e1 Bc8e6
18.Bc1xh6 { resign }
1-0

[Event "Tourn. n9386"]
[Site "www.chess-mail.com"]
[Date "2017.06.16"]
[Round "1"]
[White "Falcoale"]
[Black "Winston"]
[WhiteElo "2040"]
[BlackElo "1940"]
[Result "1-0"]
[Round "1"]
1.e4 e6
2.d4 d5
3.Nb1c3 Ng8f6
4.e5 Nf6d7
5.Ng1f3 c5
6.Bc1e3 Nb8c6
7.Bf1b5 c4
8.O-O Qd8b6
9.a3 a6
10.Bb5xc6 Qb6xc6
11.Nf3d2 { time. }
1-0

[Event "Match"]
[Site "www.echecsemail.com"]
[Date "2017.06.16"]
[Round "1"]
[White "Fangshuo"]
[Black "Cjood"]
[WhiteElo "2130"]
[BlackElo "1870"]
[Result "0-1"]
[Round "1"]
1.e4 c6
2.Ng1f3 g6
3.Nb1c3 Bf8g7
4.d4 e6
5.e5 a6
6.h4 d5
7.h5 Ng8e7
8.h6 Bg7f8
9.Bc1g5 Nb8d7
10.Nf3h2 Qd8b6
11.b3 Ne7f5
12.Nc3e2 Nf5xh6
13.Bg5xh6 Bf8xh6
14.Nh2g4 Bh6f8
15.Qd1d2 Bf8b4
16.c3 Bb4a3
17.Qd2f4 Ba3e7
18.Ng4h6 Rh8f8
19.Nh6g4 h5
20.Ng4h6 c5
21.g4 g5
22.Qf4h2 h4
23.Qh2h3 Rf8h8
24.Nh6f5 exf5
25.gxf5 cxd4
26.Ne2xd4 Nd7xe5
27.O-O-O Be7c5
28.Qh3e3 f6
29.Qe3e2 Bc5xd4
30.Rd1xd4 Qb6c6
31.Kb2 Bc8xf5
32.f4 Ra8c8
33.c4 Bf5e4
34.Rh1h2 gxf4
35.Bf1g2 f3
36.Bg2xf3 Be4xf3
37.Qe2f2 dxc4
{ resign }
0-1

[Event "Match"]
[Site "www.echecsemail.com"]
[Date "2017.06.16"]
[Round "1"]
[White "Chessington"]
[Black "Aperturaf"]
[WhiteElo "2240"]
[BlackElo "2610"]
[Result "1/2-1/2"]
[Round "1"]
1.Ng1f3 d5
2.g3 Ng8f6
3.Bf1g2 c6
4.O-O Bc8g4
5.d3 Nb8d7
6.Nb1d2 e5
7.h3 Bg4h5
8.e4 Bf8d6
9.exd5 cxd5
10.c4 O-O
11.cxd5 Nf6xd5
12.Nd2e4 Qd8b6
13.Qd1a4 Rf8d8
14.Qa4c4 Nd7f6
15.Ne4xf6 Nd5xf6
16.Bc1e3 Qb6c7
17.Nf3d2 Qc7e7
18.Qc4b3 Bd6b4
19.a3 Bb4xd2
20.Be3xd2 Bh5g6
21.Bd2b4 Qe7c7
22.Qb3c3 Qc7xc3
23.Bb4xc3 Bg6xd3
24.Rf1e1 e4
25.Bc3xf6 gxf6
26.Bg2xe4 Bd3xe4
27.Re1xe4 Rd8d2
28.Re4b4 b6
29.Ra1c1 Ra8d8
30.Kg2 Rd8d5
31.Rb4g4 { draw }
1/2-1/2

[Event "Match"]
[Site "www.echecsemail.com"]
[Date "2017.06.16"]
[Round "1"]
[White "Bojan"]
[Black "Cjood"]
[WhiteElo "1990"]
[BlackElo "1820"]
[Result "0-1"]
[Round "1"]
1.e4 e5
2.Ng1f3 Nb8c6
3.a3 Bf8c5
4.Bf1c4 Ng8f6
5.d3 O-O
6.h3 a6
7.Nb1c3 Nc6d4
8.Nf3xe5 b5
9.Bc4a2 Qd8e7
10.Ne5f3 Nd4xf3
11.Qd1xf3 d6
12.O-O Bc8b7
13.Bc1g5 Bc5d4
14.Ra1b1 h6
15.Bg5h4 c5
16.Nc3e2 Bd4e5
17.Ne2g3 Bb7c8
18.Rf1e1 g5
19.Ng3f5 Bc8xf5
20.exf5 gxh4
21.Qf3e3 Kh7
22.c3 Rf8g8
23.f4 Rg8g3
24.Qe3d2 Ra8g8
25.Re1e2 Rg3xh3
26.d4 cxd4
27.fxe5 dxe5
28.cxd4 Qe7a7
29.Re2e3 Rh3xe3
30.Qd2xe3 exd4
31.Qe3d3 Qa7b7
32.Qd3h3 Rg8g3
33.Qh3h1 h3
34.Rb1d1 Qb7f3
35.Rd1d2 Qf3e3
36.Rd2f2 Nf6e4
{ resign }
0-1

[Event "Match"]
[Site "www.echecsemail.com"]
[Date "2017.06.16"]
[Round "1"]
[White "Sozaro"]
[Black "Cjood"]
[WhiteElo "2430"]
[BlackElo "1880"]
[Result "1-0"]
[Round "1"]
1.d4 Ng8f6
2.Ng1f3 d6
3.c4 e6
4.Nb1c3 Bc8d7
5.e4 Bf8e7
6.e5 Nf6g8
7.g3 dxe5
8.Nf3xe5 f6
9.Qd1h5 g6
10.Ne5xg6 hxg6
11.Qh5xh8 { resign }
1-0

[Event "Match"]
[Site "www.echecsemail.com"]
[Date "2017.06.16"]
[Round "1"]
[White "Kingbobby"]
[Black "Cal"]
[WhiteElo "1499"]
[BlackElo "1720"]
[Result "0-1"]
[Round "1"]
1.Ng1f3 d5
2.d4 h6
3.e3 Ng8f6
4.c4 e6
5.Qd1c2 Nf6e4
6.Bf1d3 Ne4d6
7.c5 Nd6f5
8.b4 a6
9.Qc2a4 b5
10.Bd3xb5 Bc8d7
11.Nb1c3 c6
12.Bb5d3 Bf8e7
13.O-O O-O
14.Bc1d2 Be7g5
15.Nf3xg5 hxg5
16.Rf1b1 Nf5h6
 { time }
0-1

[Event "Match"]
[Site "www.echecsemail.com"]
[Date "2017.06.16"]
[Round "1"]
[White "Obisporey"]
[Black "Nimzo"]
[WhiteElo "2680"]
[BlackElo "2630"]
[Result "0-1"]
[Round "1"]
1.c4 e6
2.Nb1c3 d5
3.d4 Bf8e7
4.Ng1f3 Ng8f6
5.Bc1f4 O-O
6.e3 c5
7.dxc5 Be7xc5
8.Bf1d3 dxc4
9.Bd3xc4 Qd8xd1
10.Ra1xd1 Bc5b4
11.O-O Bb4xc3
12.bxc3 Nb8c6
13.Rf1e1 Bc8d7
14.e4 Rf8c8
15.Bc4f1 Nc6a5
16.Nf3e5 Bd7e8
17.c4 Rc8c5
18.h3 b6
19.Rd1d2 h6
20.f3 Nf6h7
21.Re1c1 Nh7f8
22.Ne5g4 Ra8c8
23.Ng4e3 Na5b7
24.Bf4h2 Nf8d7
25.Bf1e2 Rc5a5
26.Ne3d1 f6
27.Bh2g3 Nd7e5
28.Bg3f2 Kf7
29.f4 Ne5c6
30.Nd1c3 Rc8d8
31.Rd2xd8 Nc6xd8
32.Rc1c2 Nd8c6
33.Rc2d2 Nb7c5
34.Bf2xc5 Ra5xc5
35.Nc3b5 Ke7
36.g3 Be8d7
37.Rd2d3 a6
38.Nb5c7 Nc6b8
39.Nc7a8 b5
40.Na8b6 bxc4
41.Rd3c3 Bd7c6
42.Kf2 Bc6xe4
43.Rc3xc4 Rc5xc4
44.Nb6xc4 Be4d5
45.Ke3 Nb8c6
46.Nc4d2 a5
47.a3 Kd6
48.h4 Kc5
49.Be2d3 Nc6d4
50.Nd2b1 Nd4b5
51.g4 Bd5c4
52.Bd3xc4 Kxc4
53.Nb1d2 Kc3
54.a4 Nb5d6
55.Ke2 Kb4
56.Nd2f3 Nd6c4
57.Nf3d4 e5
58.Nd4e6 exf4
59.Ne6xg7 Kxa4
60.Kf3 Kb4
{ resign }
0-1

[Event "Match"]
[Site "www.echecsemail.com"]
[Date "2017.06.16"]
[Round "1"]
[White "Cjood"]
[Black "Paco"]
[WhiteElo "1699"]
[BlackElo "1970"]
[Result "1/2-1/2"]
[Round "1"]
1.d4 d5
2.Nb1c3 Nb8c6
3.Bc1f4 a6
4.Ng1f3 Bc8f5
5.Nf3e5 Nc6xe5
6.Bf4xe5 f6
7.Be5f4 g5
8.Bf4g3 h5
9.h4 Bf8h6
10.hxg5 Bh6xg5
11.f4 Qd8d6
12.Qd1d2 Bg5h6
13.e3 Bf5g4
14.Bf1d3 O-O-O
15.e4 dxe4
16.Bd3xe4 Qd6xd4
17.Qd2xd4 Rd8xd4
18.Bg3f2 Rd4d6
19.g3 Rd6e6
20.O-O f5
21.Be4d5 Re6d6
22.Bf2d4 Ng8f6
23.Bd4xf6 Rd6xf6
24.Ra1e1 Rh8e8
25.Kh2 c6
26.Bd5b3 Rf6d6
27.Rf1f2 Rd6d4
28.Bb3f7 Re8d8
29.Re1xe7 Rd4d2
30.Bf7e6 Kb8
31.Kg1 Bh6f8
32.Rf2xd2 Bf8xe7
33.Rd2xd8 Be7xd8
34.b4 Bd8b6
35.Kg2 Kc7
36.a3 Kd6
37.Be6b3 Bb6e3
38.Nc3a2 { draw }
1/2-1/2

[Event "Match"]
[Site "www.echecsemail.com"]
[Date "2017.06.16"]
[Round "1"]
[White "Cjood"]
[Black "Bojan"]
[WhiteElo "1850"]
[BlackElo "2000"]
[Result "1-0"]
[Round "1"]
1.e4 e5
2.Ng1f3 Nb8c6
3.Bf1c4 h6
4.c3 Qd8f6
5.O-O Nc6a5
6.Bc4b5 c6
7.Bb5a4 b6
8.b4 Na5b7
9.Bc1b2 Bf8d6
10.Rf1e1 Bd6c7
11.Ba4b3 d6
12.d4 Bc8g4
13.dxe5 dxe5
14.Nb1d2 Ra8d8
15.Qd1e2 Ng8e7
16.Qe2a6 Nb7d6
17.Qa6xa7 Nd6b5
18.Qa7a4 O-O
19.Bb3c4 Rd8a8
20.Qa4b3 Nb5d6
21.Bc4d3 Ne7g6
22.h3 Bg4e6
23.c4 Ng6f4
24.Nf3xe5 Nf4xh3
25.gxh3 Be6xh3
26.Nd2f3 Nd6b7
27.Kh2 Bh3g4
28.Kg1 Rf8e8
29.Ne5xg4 Qf6xf3
30.Ng4e3 Re8e6
31.Bd3f1 Qf3xe4
32.Bf1g2 Qe4f4
33.Ne3f1 Re6g6
34.Qb3h3 Nb7d6
35.Ra1d1 Nd6xc4
36.Rd1d4 Qf4f6
37.Rd4xc4 Qf6xb2
38.Rc4xc6 Rg6xc6
39.Bg2xc6 Ra8a7
40.Re1e8 Kh7
41.Qh3f5 { resign }
1-0

[Event "Match"]
[Site "www.echecsemail.com"]
[Date "2017.06.16"]
[Round "1"]
[White "Billyg"]
[Black "Osvalazo"]
[WhiteElo "1690"]
[BlackElo "1850"]
[Result "0-1"]
[Round "1"]
1.e4 e5
2.Ng1f3 Nb8c6
3.d4 Ng8f6
4.dxe5 Nf6xe4
5.Bf1d3 Ne4xf2
6.Kxf2 Bf8c5
7.Bc1e3 Qd8e7
8.Rh1e1 O-O
9.g3 d5
10.c3 Bc8g4
11.b4 Bc5b6
12.Be3xb6 axb6
13.Re1e3 Qe7e6
14.Bd3e2 Ra8d8
15.Nf3g5 Qe6f5
16.Ng5f3 Rf8e8
17.c4 dxc4
18.Qd1e1 b5
19.Kg1 Bg4xf3
20.Be2xf3 Nc6d4
21.Qe1f2 Nd4c2
22.g4 Qf5g6
23.Bf3e4 Qg6xg4
24.Re3g3 Rd8d1
25.Kg2 Qg4xe4
26.Rg3f3 Nc2e1
27.Kg3 Ne1xf3
28.Qf2xf3 Qe4g6
29.Kf2 Qg6g1
30.Ke2 Qg1e1
{ resign }
0-1

[Event "Match"]
[Site "www.echecsemail.com"]
[Date "2017.06.16"]
[Round "1"]
[White "Pellix84"]
[Black "Motorhead99"]
[WhiteElo "2070"]
[BlackElo "1900"]
[Result "1-0"]
[Round "1"]
1.d4 d6
2.e4 Ng8f6
3.Nb1c3 Nb8d7
4.Bf1b5 c6
5.Bb5a4 e5
6.Ng1f3 Bf8e7
7.Bc1e3 Qd8c7
8.Ba4b3 h6
9.g3 O-O
10.Nf3h4 Rf8e8
11.f4 exd4
12.Qd1xd4 Be7f8
13.O-O-O Nd7c5
14.f5 Nc5xb3
15.axb3 Nf6g4
16.Be3f4 Ng4e5
17.f6 g6
18.h3 g5
19.Bf4xe5 dxe5
20.Qd4g1 Bc8e6
21.Nh4f3 Ra8d8
22.g4 Rd8xd1
23.Nc3xd1 Re8d8
24.h4 Qc7b6
25.Qg1g3 Rd8xd1
26.Rh1xd1 Qb6e3
27.Rd1d2 Bf8b4
28.c3 Bb4a5
29.hxg5 hxg5
30.Qg3xe5 Be6xg4
31.Nf3xg5 Qe3e1
32.Kc2 { resign }
1-0

[Event "Match"]
[Site "www.echecsemail.com"]
[Date "2017.06.16"]
[Round "1"]
[White "Roque1"]
[Black "Caspito"]
[WhiteElo "1990"]
[BlackElo "1950"]
[Result "1-0"]
[Round "1"]
1.e4 e5
2.Ng1f3 Nb8c6
3.Bf1b5 a6
4.Bb5a4 Nc6d4
5.Nf3xd4 exd4
6.Qd1h5 b5
7.Ba4b3 Qd8f6
8.d3 Ng8e7
9.Bc1g5 Qf6g6
10.Qh5xg6 Ne7xg6
11.Nb1d2 Bf8e7
12.Bg5xe7 Ng6xe7
13.O-O O-O
14.Nd2f3 c6
15.Nf3xd4 a5
16.a3 Bc8b7
17.f4 c5
18.Nd4xb5 Ne7g6
19.Nb5d6 Bb7c6
20.Rf1f3 Ra8a7
21.f5 Ng6e5
22.Rf3h3 Ra7a6
23.Ra1f1 a4
24.Bb3c4 Ne5xc4
25.Nd6xc4 Rf8b8
26.Rf1f4 Bc6b5
27.Nc4e5 h6
28.Rf4g4 d6
29.Ne5f3 Bb5d7
30.Rh3xh6 Rb8xb2
31.Nf3e5 Bd7c8
32.Ne5xf7 Kxf7
33.Rh6g6 Rb2xc2
34.Rg6xg7 Kf6
35.Rg4g6 Ke5
36.f6 Bc8e6
37.Rg7e7 Ra6a8
38.f7 Ra8f8
39.Rg6xe6 Kd4
40.h4 Ke3
41.h5 Rc2f2
42.Re6xd6 Rf8xf7
43.Re7xf7 Rf2xf7
44.h6 Rf7b7
45.g4 Kf4
46.Rd6g6 Kg3
47.Kf1 Rb7b2
48.h7 Rb2h2
49.Rg6g7 Kf3
50.Ke1 Ke3
51.Kf1 Kxd3
52.e5 { resign }
1-0

[Event "Match"]
[Site "www.echecsemail.com"]
[Date "2017.06.16"]
[Round "1"]
[White "Coxnea"]
[Black "Coxyjon"]
[WhiteElo "1299"]
[BlackElo "1789"]
[Result "0-1"]
[Round "1"]
1.d4 e6
2.g4 f5
3.h3 Qd8h4
4.Ng1f3 Qh4e7
5.Bc1g5 Qe7d6
6.Nb1c3 h6
7.Nc3b5 Qd6b4
8.c3 Qb4xb5
9.Qd1b3 Qb5xb3
10.axb3 hxg5
11.Nf3xg5 fxg4
12.O-O-O g6
13.e4 Bf8h6
 { time }
0-1

[Event "Match"]
[Site "www.echecsemail.com"]
[Date "2017.06.16"]
[Round "1"]
[White "Cjood"]
[Black "Caspito"]
[WhiteElo "1820"]
[BlackElo "1940"]
[Result "0-1"]
[Round "1"]
1.e4 e5
2.Ng1f3 Nb8c6
3.Bf1b5 a6
4.Bb5c4 Qd8f6
5.a3 Bf8c5
6.c3 d6
7.h3 Ng8e7
8.b4 Bc5a7
9.O-O Qf6g6
10.Qd1b3 O-O
11.Nf3h4 Qg6xe4
12.Nh4f3 Bc8xh3
13.d4 Qe4g4
14.Nf3h4 Qg4xh4
15.gxh3 Qh4xh3
16.d5 Nc6b8
17.Bc4e2 Ne7f5
18.Qb3c4 Nf5g3
19.Be2f3 Ng3xf1
{ resign }
0-1

[Event "Match"]
[Site "www.echecsemail.com"]
[Date "2017.06.16"]
[Round "1"]
[White "Astroboy"]
[Black "Mrynmryn"]
[WhiteElo "1499"]
[BlackElo "1780"]
[Result "1-0"]
[Round "1"]
1.d4 d5
2.Ng1f3 Ng8f6
3.c4 e6
4.Nb1c3 Bf8b4
5.Qd1b3 Bb4xc3
6.Qb3xc3 O-O
7.Bc1g5 b6
8.e3 dxc4
9.Bf1xc4 Bc8b7
10.O-O Nb8d7
11.Nf3e5 Ra8c8
12.Ne5xd7 Qd8xd7
13.Bg5xf6 gxf6
14.Rf1d1 Bb7d5
15.Ra1c1  { time }
1-0

[Event "1/128 Finale"]
[Site "www.chess-mail.com"]
[Date "2017.06.16"]
[Round "1"]
[White "Kingbobby"]
[Black "Osvalazo"]
[WhiteElo "1499"]
[BlackElo "1850"]
[Result "0-1"]
[Round "1"]
1.e4 e5
2.Ng1f3 Nb8c6
3.d4 exd4
4.Nf3xd4 Bf8c5
5.Nd4xc6 bxc6
6.Bf1d3 Qd8f6
7.O-O Bc5d4
8.c3 Bd4b6
9.Qd1e2 a5
10.e5 Qf6e7
11.Nb1d2 Bc8b7
12.Rf1e1 c5
13.Bd3e4 Bb7a6
 { time }
0-1

[Event "Fast Game"]
[Site "www.echecsemail.com"]
[Date "2017.06.16"]
[Round "1"]
[White "Hennie4820"]
[Black "Pellix84"]
[WhiteElo "1640"]
[BlackElo "1650"]
[Result "1-0"]
[Round "1"]
1.e4 c5
2.Ng1f3 Nb8c6
3.d4 cxd4
4.Nf3xd4 g6
5.c4 Bf8g7
6.Bc1e3 e6
7.Bf1e2 Qd8b6
8.Nd4b3 Qb6b4
9.Be3d2 Qb4e7
10.Nb1c3 b6
11.O-O Ng8f6
12.Bd2g5 O-O
13.f4 h6
14.Bg5h4 d6
15.Be2f3 Bc8b7
16.Rf1e1 Qe7c7
17.Nc3b5 Qc7b8
18.Nb5xd6 Nf6e8
19.Nd6xb7 Qb8xb7
20.e5 Ne8c7
21.Qd1d7 Ra8c8
22.Qd7xc6 Qb7xc6
23.Bf3xc6 Nc7a6
24.Bc6b7 Rc8xc4
25.Bb7xa6 Rc4xf4
26.Bh4g3 { resign }
1-0

[Event "Tourn. n9352"]
[Site "www.chess-mail.com"]
[Date "2017.06.17"]
[Round "1"]
[White "Obisporey"]
[Black "Szustan"]
[WhiteElo "2620"]
[BlackElo "2550"]
[Result "1/2-1/2"]
[Round "1"]
1.d4 d5
2.c4 dxc4
3.e3 e6
4.Bf1xc4 c5
5.Ng1f3 Ng8f6
6.O-O a6
7.dxc5 Qd8xd1
8.Rf1xd1 Bf8xc5
9.b3 Nb8d7
10.Bc1b2 O-O
11.Bc4e2 b5
12.a4 bxa4
13.Ra1xa4 Bc8b7
14.Nb1d2 Rf8d8
15.Rd1c1 Bc5e7
16.Rc1c7 Ra8b8
17.Be2xa6 Bb7xf3
18.Bb2xf6 Be7xf6
19.Nd2xf3 Rb8xb3
20.Ba6f1 Nd7e5
21.Nf3d4 Rb3b1
{ draw }
1/2-1/2

[Event "Tourn. n9356"]
[Site "www.chess-mail.com"]
[Date "2017.06.17"]
[Round "1"]
[White "Quaff"]
[Black "Hansen"]
[WhiteElo "1539"]
[BlackElo "1590"]
[Result "1-0"]
[Round "1"]
1.e4 d5
2.exd5 Qd8xd5
3.Nb1c3 Qd5e5
4.Qd1e2 Qe5f5
5.d3 b5
6.Qe2f3 b4
7.Nc3d5 Nb8a6
8.Nd5xe7 Bf8xe7
9.Qf3xa8 Be7c5
10.Qa8e4 Bc8e6
11.Qe4xf5 Be6xf5
12.Bf1e2 Ng8f6
13.Bc1e3 Bc5xe3
14.fxe3 h5
15.e4 Bf5g4
16.Be2xg4 hxg4
17.Ng1e2 g3
18.Ne2xg3 Nf6g4
19.h3 Ng4e3
20.Ra1c1 Ne3xg2
21.Kf2 Ng2f4
22.h4 Rh8h6
23.Ng3f5 Rh6f6
24.Ke3 Nf4e6
25.h5 b3
26.axb3 g6
27.hxg6 Rf6xg6
28.Rc1g1 Na6b4
29.c3 Nb4c2
30.Kd2 Ne6f4
31.Kxc2 Rg6b6
32.Rh1h8 Kd7
33.Rg1g8 c5
34.Rg8d8 Ke6
35.Rh8e8 Kf6
36.Rd8d6 Rb6xd6
37.Re8e7 Rd6xd3
38.Re7xa7 Ke5
39.Ra7a4 Rd3f3
40.Ra4c4 Nf4d3
41.b4 Nd3e1
42.Kb3 cxb4
43.Kxb4 Ne1c2
44.Ka4 f6
45.b4 Ke6
46.Nf5d4 Nc2xd4
47.Rc4xd4 Rf3xc3
48.b5 Ke5
49.Rd4b4 Rc3c8
50.b6 Rc8a8
51.Kb5 f5
52.exf5 Kxf5
53.b7 Ra8b8
54.Kc6 Ke6
55.Kc7 Rb8e8
56.Rb4e4 { resign }
1-0

[Event "Tourn. n9281"]
[Site "www.chess-mail.com"]
[Date "2017.06.17"]
[Round "1"]
[White "Cal"]
[Black "Azulmarino"]
[WhiteElo "1550"]
[BlackElo "1490"]
[Result "1/2-1/2"]
[Round "1"]
1.c4 d5
2.c5 e6
3.d4 Nb8c6
4.e3 f5
5.Ng1f3 h6
6.h3 Ng8f6
7.Bf1b5 Bc8d7
8.Nb1c3 a6
9.Bb5xc6 Bd7xc6
10.O-O Nf6e4
11.Nf3e5 Qd8f6
12.a3 b6
13.Ne5xc6 bxc5
14.dxc5 Bf8xc5
15.Nc3e2 Ne4g5
16.Ne2c3 O-O
17.b4 Qf6xc3
18.bxc5 Qc3xa1
19.Qd1c2 Qa1f6
20.f4 Ng5e4
21.Bc1b2 e5
22.Nc6xe5 Ne4g3
23.Ne5d7 Qf6e7
24.Rf1f3 Ng3e4
25.c6 Rf8d8
26.Nd7e5 Ne4c5
27.Qc2xf5 Rd8f8
28.Ne5g6 Qe7f7
29.Qf5h5 Nc5e4
30.f5 Rf8b8
31.Bb2e5 Ne4g5
32.Rf3g3 Rb8b1
33.Kh2 Ra8e8
34.Rg3xg5 Rb1b6
35.Be5d4 Rb6xc6
36.Rg5g3 Re8e4
37.Qh5f3 Rc6c1
38.f6 c5
39.Ng6e7 Kf8
40.Rg3xg7 Qf7e6
41.Ne7g6 Ke8
42.Rg7e7 Qe6xe7
43.Ng6xe7 cxd4
44.Ne7xd5 Re4e5
45.f7 Kf8
46.exd4 Re5e1
47.Qf3f4 Re1h1
48.Kg3 Rc1f1
49.Qf4xh6 Kxf7
50.Qh6h7 Ke6
51.Qh7e4 Kf7
52.Qe4e6 Kxe6
53.Nd5c7 Kf5
54.d5 Rf1d1
55.Nc7xa6 Rd1xd5
56.a4 Rd5d3
57.Kf2 Rh1a1
58.Na6b4 Ra1xa4
59.Nb4xd3 Ra4a3
60.Nd3b4 Ra3a4
61.Nb4d3 Ra4a3
62.Nd3b4 Kf4
63.Nb4d5 Ke4
64.Nd5b4 Ra3b3
65.Nb4c6 Rb3b2
66.Kg3 Kf5
67.h4 Rb2b3
68.Kh2 Kg4
69.Nc6d4 Rb3b2
70.Nd4f3 Rb2b8
71.Nf3e5 Kxh4
72.g3 Kg5
73.Kh3 Kf5
74.Ne5f7 Ke4
75.g4 Rb8g8
76.g5 Kf3
77.Kh4 Kf4
78.Kh5 Rg8a8
79.g6 Ra8g8
80.Kh6 Kf5
81.Nf7d6 Kf6
82.Nd6e4 Ke6
83.Kg5 Ke5
84.Ne4f6 Rg8g7
85.Nf6e8 Rg7g8
86.Ne8f6 Rg8g7
87.Nf6h5 Rg7g8
88.Nh5f4 Rg8f8
89.Nf4d3 Ke6
90.Nd3c5 Ke5
91.g7 Rf8g8
92.Kg6 Rg8xg7
93.Kxg7 Kd5
{ draw }
1/2-1/2

[Event "Tourn. n9314"]
[Site "www.chess-mail.com"]
[Date "2017.06.17"]
[Round "1"]
[White "Stepanpech"]
[Black "Pdebonis"]
[WhiteElo "2300"]
[BlackElo "2560"]
[Result "1/2-1/2"]
[Round "1"]
1.d4 Ng8f6
2.c4 e6
3.Nb1c3 Bf8b4
4.e3 O-O
5.Bf1d3 d5
6.Ng1f3 c5
7.O-O Nb8c6
8.a3 Bb4xc3
9.bxc3 b6
10.cxd5 exd5
11.Nf3e5 Bc8b7
12.Bc1b2 c4
13.Ne5xc6 Bb7xc6
14.Bd3c2 Rf8e8
15.a4 Re8e6
16.Rf1e1 Qd8c7
17.Bc2f5 Re6e8
18.f3 g6
19.Bf5c2 Re8e6
20.Bb2c1 Ra8e8
21.Bc1d2 Qc7d8
22.g4 h6
23.Re1e2 h5
24.g5 Nf6h7
25.h4 Nh7f8
26.Qd1e1 Re6e7
27.Bd2c1 Nf8e6
28.Qe1g3 Ne6g7
{ draw }
1/2-1/2

[Event "Tourn. n9269"]
[Site "www.chess-mail.com"]
[Date "2017.06.17"]
[Round "1"]
[White "Pdebonis"]
[Black "Stepanpech"]
[WhiteElo "2540"]
[BlackElo "2250"]
[Result "1/2-1/2"]
[Round "1"]
1.e4 c5
2.Ng1f3 Nb8c6
3.Bf1b5 e6
4.O-O Ng8e7
5.d4 cxd4
6.Nf3xd4 Qd8b6
7.Nd4xc6 dxc6
8.Bb5e2 Ne7g6
9.a4 Bf8e7
10.a5 Qb6c7
11.f4 Bc8d7
12.Bc1e3 O-O
13.g3 Rf8d8
14.Qd1e1 b6
15.Nb1c3 bxa5
16.Nc3d1 Be7b4
17.Qe1f2 Bd7c8
18.Nd1c3 Ng6f8
19.Nc3a4 Nf8d7
20.e5 Bb4e7
21.b3 c5
22.Na4b2 Bc8b7
23.Be2f3 Bb7xf3
24.Qf2xf3 Nd7b6
25.c4 a4
26.Nb2xa4 Nb6xa4
27.Ra1xa4 Ra8b8
28.Be3f2 Rb8b7
29.Ra4a3 g6
30.Rf1a1 h5
31.Kg2 Qc7b8
32.Ra1d1 Rb7d7
33.Rd1xd7 Rd8xd7
34.Bf2e1 Kg7
35.Be1c3 Be7d8
36.Kf1 a5
37.Bc3e1 Bd8b6
38.Ra3a1 Bb6d8
39.Ra1a2 Rd7b7
40.Ra2a3 a4
41.Ra3xa4 Rb7xb3
42.Qf3a8 { draw }
1/2-1/2

[Event "Tourn. n9364"]
[Site "www.chess-mail.com"]
[Date "2017.06.17"]
[Round "1"]
[White "Gimmyg"]
[Black "Szustan"]
[WhiteElo "2420"]
[BlackElo "2550"]
[Result "1/2-1/2"]
[Round "1"]
1.Ng1f3 Nb8c6
2.c4 e5
3.Nb1c3 Ng8f6
4.e3 Bf8b4
5.Qd1c2 O-O
6.Nc3d5 Rf8e8
7.Bf1d3 h6
8.Nd5xf6 Qd8xf6
9.Bd3e4 Bb4f8
10.a3 Nc6e7
11.b4 Qf6e6
12.O-O c6
13.c5 d5
14.cxd6 Ne7d5
15.d4 exd4
16.Be4h7 Kh8
17.Nf3xd4 Qe6e5
18.Bh7f5 Bf8xd6
19.g3 Bd6e7
20.Bf5xc8 Ra8xc8
21.Bc1b2 Be7f6
22.Rf1d1 g6
23.Ra1b1 Kg8
{ draw }
1/2-1/2

[Event "Tourn. n9392"]
[Site "www.chess-mail.com"]
[Date "2017.06.17"]
[Round "1"]
[White "Xkafi"]
[Black "Cjood"]
[WhiteElo "2020"]
[BlackElo "2020"]
[Result "1-0"]
[Round "1"]
1.e4 e6
2.Bf1c4 g6
3.d3 Bf8g7
4.c3 c5
5.Ng1f3 a6
6.a3 b5
7.Bc4b3 Bc8b7
8.Nb1d2 d5
9.e5 c4
10.dxc4 dxc4
11.Bb3c2 Nb8d7
12.Qd1e2 Qd8c7
13.O-O Nd7xe5
14.Nf3xe5 Bg7xe5
15.Nd2f3 Bb7xf3
16.Qe2xf3 Ra8c8
17.Bc1g5 f6
18.Bg5e3 f5
19.Qf3h3 Be5f4
20.Rf1e1 Bf4xe3
21.Re1xe3 Ke7
22.Ra1e1 Kf7
23.Re3xe6 Qc7d7
24.Bc2xf5 gxf5
25.Qh3xf5 Kg7
26.Re6g6 { resign }
1-0

[Event "Tourn. n9388"]
[Site "www.chess-mail.com"]
[Date "2017.06.17"]
[Round "1"]
[White "Conde7"]
[Black "Aperturaf"]
[WhiteElo "2870"]
[BlackElo "2660"]
[Result "0-1"]
[Round "1"]
1.e4 e6
2.d4 d5
3.Nb1d2 Nb8c6
4.Ng1f3 Ng8f6
5.Bf1e2 dxe4
6.Nf3e5 Nc6xd4
7.Nd2b3 Nd4xe2
8.Qd1xe2 a5
9.Bc1f4 Bf8d6
10.Nb3d2 O-O
11.Nd2xe4 Nf6d5
12.g3 b6
13.O-O-O Bc8a6
14.Qe2f3 f6
{ resign }
0-1

[Event "Tourn. n9400"]
[Site "www.chess-mail.com"]
[Date "2017.06.17"]
[Round "1"]
[White "Amaya"]
[Black "Astroboy"]
[WhiteElo "2020"]
[BlackElo "2079"]
[Result "0-1"]
[Round "1"]
1.d4 Ng8f6
2.e3 c5
3.c3 g6
4.Bf1d3 b6
5.Nb1d2 Bc8b7
6.f3 Bf8g7
7.Qd1e2 d6
8.f4 Nb8d7
9.Ng1f3 Qd8c7
10.O-O O-O
11.a3 e5
12.fxe5 dxe5
13.Nf3g5 Ra8e8
14.Ng5e4 exd4
15.Ne4xf6 Nd7xf6
16.e4 Nf6d5
17.Qe2g4 Nd5e3
18.Qg4h4 Ne3xf1
19.Nd2xf1 dxc3
20.bxc3 Qc7d7
21.Bd3c4 b5
22.Bc4d5 Bb7xd5
23.exd5 Qd7xd5
24.Bc1d2 b4
25.axb4 Re8e4
26.Qh4f2 cxb4
27.Nf1e3 Qd5d3
{ resign }
0-1

[Event "Match"]
[Site "www.echecsemail.com"]
[Date "2017.06.17"]
[Round "1"]
[White "Stewartborst"]
[Black "Mrmoto"]
[WhiteElo "1499"]
[BlackElo "1700"]
[Result "1-0"]
[Round "1"]
1.e4 c5
2.Ng1f3 d6
3.d4 Qd8b6
4.d5 e6
5.Bf1d3 g6
6.Nb1c3 Bf8g7
7.O-O Bg7xc3
8.bxc3 exd5
9.exd5 Ng8f6
10.Qd1e1 Kf8
11.c4 Kg7
12.Bc1f4 Rh8e8
13.Ra1b1 Qb6c7
14.Qe1d2 a6
15.Bf4h6 Kg8
16.Rb1e1 Re8xe1
17.Rf1xe1 Qc7d7
18.Bh6g5 Qd7d8
19.a4 Nb8d7
20.Re1e6 Qd8f8
21.Re6xf6 Qf8g7
22.Qd2f4 Nd7xf6
23.Bg5xf6 Qg7f8
24.h4 b5
25.cxb5 a5
26.Nf3d2 Bc8b7
27.Nd2e4 Bb7xd5
28.Qf4xd6 Qf8xd6
29.Ne4xd6 Bd5e6
30.Nd6c4 Be6d5
31.f4 h5
32.Nc4b6 Ra8e8
33.Nb6xd5 Re8e1
34.Kh2 Re1c1
35.b6 { resign }
1-0

[Event "Match"]
[Site "www.echecsemail.com"]
[Date "2017.06.17"]
[Round "1"]
[White "Karlgrocer"]
[Black "Chemin"]
[WhiteElo "2060"]
[BlackElo "2209"]
[Result "0-1"]
[Round "1"]
1.Ng1f3 d5
2.d4 Ng8f6
3.e3 Bc8f5
4.Bf1e2 e6
5.O-O h6
6.Nb1d2 Bf8d6
7.a3 Nb8d7
8.c4 c6
9.c5 Bd6c7
10.b4 O-O
11.Bc1b2 Qd8e7
12.Nd2b3 e5
13.dxe5 Nd7xe5
14.Nf3xe5 Bc7xe5
15.Bb2xe5 Qe7xe5
16.Nb3d4 Bf5e4
17.Nd4f3 Qe5c7
18.Be2d3 a5
19.Bd3xe4 Nf6xe4
20.Qd1d4 Rf8d8
21.Rf1d1 Qc7d7
22.Nf3d2 Ne4f6
23.Nd2f1 Qd7f5
24.Nf1g3 Qf5g5
25.f4 Qg5g4
26.Rd1e1 h5
27.Ng3e2 Rd8e8
28.Ne2c3 axb4
29.Qd4xb4 h4
30.h3 Qg4g3
31.Qb4d4 Re8e7
32.Re1e2 Qg3g6
33.Ra1a2 Nf6h5
34.Nc3d1 Nh5g3
35.Re2c2 Ng3f5
36.Qd4d3 Ra8e8
37.Rc2f2 d4
38.exd4 Re7e1
39.Rf2f1 Qg6g3
40.Nd1f2 Re1xf1
41.Kxf1 Nf5e3
42.Ke2 Ne3xg2
43.Kd1 Re8e1
{ resign }
0-1